[Event "Mentese WGM 2019"]
[Site "Mentese"]
[Date "2019.06.24"]
[Round "4.3"]
[White "Atalik, Ekaterina"]
[Black "Novikova, Margarita"]
[Result "1-0"]
[WhiteElo "2452"]
[BlackElo "2020"]
[Annotator "ChessBase"]
[PlyCount "79"]
[EventDate "2019.06.24"]
[EventType "schev"]
[EventCountry "TUR"]
[SourceTitle "playchess.com"]
[Source "ChessBase"]
[SourceQuality "1"]
[TimeControl "5400+30"]

1. d4 {[%emt 0:00:30]} d5 {[%emt 0:00:30]} 2. c4 {[%emt 0:00:00]} e6 {[%emt 0:00:00]} 3. Nc3 {[%emt 0:00:00]} Nf6 {[%emt 0:00:00]} 4. cxd5 {[%emt 0:00:30]} exd5 {[%emt 0:00:00]} 5. Bg5 {[%emt 0:00:30]} Be7 {[%emt 0:00:00]} 6. e3 {[%emt 0:00:00]} O-O {[%emt 0:01:30]} 7. Bd3 {[%emt 0:00:00]} c6 {[%emt 0:02:30]} 8. h3 {[%emt 0:03:30]} Nbd7 {[%emt 0:05:30]} 9. Qc2 {[%emt 0:02:30]} Re8 {[%emt 0:01:30]} 10. Bf4 {[%emt 0:01:30]} c5 {[%emt 0:07:30]} 11. Nf3 {[%emt 0:01:30]} c4 {[%emt 0:08:30]} 12. Be2 {[%emt 0:00:30]} Nf8 {[%emt 0:01:30]} 13. O-O {[%emt 0:04:30]} Ng6 {[%emt 0:04:30]} 14. Be5 {[%emt 0:04:30]} a6 {[%emt 0:03:30]} 15. a4 {[%emt 0:00:30]} Be6 {[%emt 0:08:30]} 16. Ng5 {[%emt 0:02:30]} Qd7 {[%emt 0:03:30]} 17. Nxe6 {[%emt 0:01:30]} fxe6 {[%emt 0:07:30]} 18. f4 {[%emt 0:00:30]} b5 {[%emt 0:01:30]} 19. Bxf6 {[%emt 0:05:30]} Bxf6 {[%emt 0:01:30]} 20. axb5 {[%emt 0:00:30]} axb5 {[%emt 0:00:30]} 21. Bh5 {[%emt 0:01:30]} b4 {[%emt 0:01:30]} 22. Ne2 {[%emt 0:01:30]} b3 {[%emt 0:05:30]} 23. Qb1 {[%emt 0:00:30]} Rxa1 {[%emt 0:00:30]} 24. Qxa1 {[%emt 0:00:30]} Qb7 {[%emt 0:06:30]} 25. Qb1 {[%emt 0:00:30]} Ra8 {[%emt 0:07:30]} 26. Bxg6 {[%emt 0:01:30]} hxg6 {[%emt 0:00:30]} 27. Qxg6 {[%emt 0:00:30]} Qf7 {[%emt 0:02:45]} 28. Qg4 {[%emt 0:05:30]} Ra2 {[%emt 0:00:53]} 29. Rb1 {[%emt 0:00:00]} Ra6 {[%emt 0:05:45]} 30. Ng3 {[%emt 0:04:00]} Kh7 {[%emt 0:02:08]} 31. f5 {[%emt 0:02:30]} e5 {[%emt 0:01:58]} 32. Kh2 {[%emt 0:06:30]} e4 {[%emt 0:03:08]} 33. Ne2 {[%emt 0:08:30]} Bd8 {[%emt 0:01:17]} 34. Kg1 {[%emt 0:02:30]} Kg8 {[%emt 0:04:07]} 35. Nf4 {[%emt 0:01:30]} Bf6 {[%emt 0:01:06]} 36. Ng6 {[%emt 0:03:30]} Bd8 {[%emt 0:01:55]} 37. Qh5 {[%emt 0:00:30]} Qe8 {[%emt 0:00:37]} 38. Qh8+ {[%emt 0:01:30]} Kf7 {[%emt 0:00:01]} 39. Ne5+ {[%emt 0:00:00]} Ke7 {[%emt 0:00:14]} 40. Qxg7+ {[%emt 0:00:00]} 1-0

[Event "Mentese WGM 2019"]
[Site "Mentese"]
[Date "2019.06.24"]
[Round "4.4"]
[White "Doluhanova, Evgeniya"]
[Black "Anacoglu, Cisel"]
[Result "1-0"]
[WhiteElo "2319"]
[BlackElo "1973"]
[Annotator "NA"]
[PlyCount "113"]
[EventDate "2019.06.24"]
[EventType "schev"]
[EventCountry "TUR"]
[SourceTitle "playchess.com"]
[Source "ChessBase"]
[SourceQuality "1"]
[TimeControl "5400+30"]

1. Nf3 {[%emt 0:00:30]} d5 {[%emt 0:00:30]} 2. b3 {[%emt 0:00:30]} Nf6 {[%emt 0:00:00]} 3. Bb2 {[%emt 0:00:00]} c5 {[%emt 0:03:00]} 4. e3 {[%emt 0:00:00]} Nc6 {[%emt 0:00:00]} 5. Bb5 {[%emt 0:00:00]} Bf5 {[%emt 0:01:00]} 6. O-O {[%emt 0:00:00]} e6 {[%emt 0:00:30]} 7. Ne5 {[%emt 0:00:30]} Rc8 {[%emt 0:00:30]} 8. d3 {[%emt 0:03:30]} Bd6 {[%emt 0:00:30]} 9. Nd2 {[%emt 0:01:30]} O-O {[%emt 0:00:30]} 10. Bxc6 {[%emt 0:00:00]} bxc6 {[%emt 0:00:30]} 11. Qe2 {[%emt 0:03:00]} Nd7 {[%emt 0:07:30]} 12. Nxd7 {[%emt 0:04:30]} Qxd7 {[%emt 0:00:00]} 13. e4 {[%emt 0:00:30]} Bg6 {[%emt 0:00:00]} 14. f4 {[%emt 0:00:00]} f6 {[%emt 0:03:30]} 15. Rae1 {[%emt 0:04:00]} Rce8 {[%emt 0:01:30]} 16. Qf2 {[%emt 0:04:30]} Qc7 {[%emt 0:08:30]} 17. Nb1 {[%emt 0:13:30]} f5 {[%emt 0:09:30]} 18. e5 {[%emt 0:01:30]} Be7 {[%emt 0:00:30]} 19. Nc3 {[%emt 0:01:30]} Qa5 {[%emt 0:00:30]} 20. Na4 {[%emt 0:00:30]} c4 {[%emt 0:03:30]} 21. Bc3 {[%emt 0:01:30]} Qa6 {[%emt 0:01:30]} 22. dxc4 {[%emt 0:01:30]} dxc4 {[%emt 0:00:00]} 23. Qe2 {[%emt 0:00:30]} Rd8 {[%emt 0:04:00]} 24. Rd1 {[%emt 0:01:30]} Qb5 {[%emt 0:01:30]} 25. Qe3 {[%emt 0:09:30]} cxb3 {[%emt 0:03:30]} 26. axb3 {[%emt 0:04:30]} a6 {[%emt 0:05:30]} 27. Qa7 {[%emt 0:10:30]} Bh5 {[%emt 0:07:30]} 28. Rxd8 {[%emt 0:04:30]} Bxd8 {[%emt 0:01:30]} 29. Bd4 {[%emt 0:03:30]} Ba5 {[%emt 0:03:30]} 30. Bb6 {[%emt 0:10:03]} Bxb6+ {[%emt 0:00:30]} 31. Qxb6 {[%emt 0:00:04]} Qxb6+ {[%emt 0:00:30]} 32. Nxb6 {[%emt 0:00:04]} Rd8 {[%emt 0:04:30]} 33. c4 {[%emt 0:10:06]} Bd1 {[%emt 0:13:40]} 34. b4 {[%emt 0:01:31]} Rd4 {[%emt 0:00:24]} 35. g3 {[%emt 0:00:28]} Bb3 {[%emt 0:01:15]} 36. Rc1 {[%emt 0:00:22]} Kf8 {[%emt 0:01:36]} 37. Rc3 {[%emt 0:00:33]} Ba2 {[%emt 0:01:00]} 38. Kf2 {[%emt 0:02:29]} Rd2+ {[%emt 0:00:29]} 39. Ke3 {[%emt 0:00:26]} Rb2 {[%emt 0:01:29]} 40. Kd4 {[%emt 0:00:44]} Rxb4 {[%emt 0:01:05]} 41. Kc5 {[%emt 0:00:14]} Rb2 {[%emt 0:00:36]} 42. h4 {[%emt 0:00:54]} a5 {[%emt 0:01:30]} 43. Kxc6 {[%emt 0:00:48]} Bb3 {[%emt 0:01:39]} 44. Rd3 {[%emt 0:02:28]} a4 {[%emt 0:00:49]} 45. Rd8+ {[%emt 0:00:26]} Kf7 {[%emt 0:02:04]} 46. Ra8 {[%emt 0:00:46]} Bd1 {[%emt 0:02:29]} 47. Ra7+ {[%emt 0:01:00]} Kg6 {[%emt 0:00:01]} 48. c5 {[%emt 0:01:17]} Rb3 {[%emt 0:01:14]} 49. Rxa4 {[%emt 0:00:39]} Rxg3 {[%emt 0:00:34]} 50. Rd4 {[%emt 0:00:06]} Bf3+ {[%emt 0:00:08]} 51. Kd6 {[%emt 0:00:10]} Rg4 {[%emt 0:00:57]} 52. Kxe6 {[%emt 0:00:40]} Rxh4 {[%emt 0:00:02]} 53. Nd5 {[%emt 0:00:16]} Bxd5+ {[%emt 0:00:30]} 54. Kxd5 {[%emt 0:00:21]} Rh1 {[%emt 0:00:02]} 55. c6 {[%emt 0:00:11]} Ra1 {[%emt 0:00:43]} 56. c7 {[%emt 0:00:15]} Ra8 {[%emt 0:00:05]} 57. Kc6 {[%emt 0:00:56]} 1-0

[Event "Mentese WGM 2019"]
[Site "Mentese"]
[Date "2019.06.24"]
[Round "4.5"]
[White "Khomeriki, Nino"]
[Black "Aydin, Gulenay"]
[Result "1-0"]
[WhiteElo "2313"]
[BlackElo "1967"]
[Annotator "NA"]
[PlyCount "57"]
[EventDate "2019.06.24"]
[EventType "schev"]
[EventCountry "TUR"]
[SourceTitle "playchess.com"]
[Source "ChessBase"]
[SourceQuality "1"]
[TimeControl "5400+30"]

1. d4 {[%emt 0:00:30]} Nf6 {[%emt 0:00:30]} 2. Nf3 {[%emt 0:00:00]} g6 {[%emt 0:00:00]} 3. c4 {[%emt 0:00:00]} Bg7 {[%emt 0:00:00]} 4. g3 {[%emt 0:00:00]} O-O {[%emt 0:00:00]} 5. Bg2 {[%emt 0:00:00]} d6 {[%emt 0:00:00]} 6. Nc3 {[%emt 0:00:30]} c6 {[%emt 0:00:30]} 7. O-O {[%emt 0:00:00]} Qa5 {[%emt 0:00:30]} 8. Nd2 {[%emt 0:00:00]} e5 {[%emt 0:04:30]} 9. d5 {[%emt 0:00:30]} cxd5 {[%emt 0:00:30]} 10. Nxd5 {[%emt 0:00:00]} Nxd5 {[%emt 0:00:30]} 11. Bxd5 {[%emt 0:00:00]} Qc7 {[%emt 0:08:30]} 12. Ne4 {[%emt 0:00:30]} Kh8 {[%emt 0:02:30]} 13. Be3 {[%emt 0:14:30]} Bf5 {[%emt 0:09:30]} 14. Nxd6 {[%emt 0:07:30]} Qxd6 {[%emt 0:02:30]} 15. Bxb7 {[%emt 0:00:00]} Qxd1 {[%emt 0:02:30]} 16. Rfxd1 {[%emt 0:00:00]} Nd7 {[%emt 0:00:00]} 17. Bxa8 {[%emt 0:00:00]} Rxa8 {[%emt 0:00:00]} 18. c5 {[%emt 0:00:00]} Rc8 {[%emt 0:00:30]} 19. b4 {[%emt 0:00:30]} Bf8 {[%emt 0:05:30]} 20. Rac1 {[%emt 0:01:30]} Nb8 {[%emt 0:04:30]} 21. b5 {[%emt 0:00:30]} a6 {[%emt 0:02:30]} 22. a4 {[%emt 0:02:30]} Be7 {[%emt 0:06:30]} 23. c6 {[%emt 0:01:30]} axb5 {[%emt 0:01:30]} 24. axb5 {[%emt 0:00:00]} Bd8 {[%emt 0:00:30]} 25. b6 {[%emt 0:06:00]} Bxb6 {[%emt 0:03:30]} 26. Bxb6 {[%emt 0:00:30]} Rxc6 {[%emt 0:00:30]} 27. Bc7 {[%emt 0:00:30]} Rxc1 {[%emt 0:00:30]} 28. Bxe5+ {[%emt 0:00:30]} Kg8 {[%emt 0:00:30]} 29. Rxc1 {[%emt 0:00:00]} 1-0

[Event "Mentese WGM 2019"]
[Site "Mentese"]
[Date "2019.06.26"]
[Round "5.1"]
[White "Rakhmangulova, Anastasiya"]
[Black "Arda, Cagil Irmak"]
[Result "1-0"]
[WhiteElo "2217"]
[BlackElo "2069"]
[Annotator "TA"]
[PlyCount "77"]
[EventDate "2019.06.24"]
[EventType "schev"]
[EventCountry "TUR"]
[SourceTitle "playchess.com"]
[Source "ChessBase"]
[SourceQuality "1"]

{[%evp 17,77,8,90,93,94,69,86,88,83,93,100,0,-13,-43,-24,-31,-23,0,78,-48,0,0,20,0,81,0,0,0,0,0,0,-47,-50,-46,0,0,23,56,45,33,131,94,241,231,549,554,1616,1604,1488,1465,1355,993,1337,1187,1809,1775,29966,5210,29969,29970,29998,29999]} 1. e4 e6 2. d4 d5 3. e5 c5 4. c3 Qb6 5. Nf3 Nc6 6. a3 Nh6 7. b4 cxd4 8. Bxh6 gxh6 9. cxd4 Rg8 (9... Bd7 $1 $11) 10. Nc3 $16 {C02: French: Advance Variation} (10. h3 Bd7 11. g3 Rc8 12. Ra2 Be7 13. Be2 f6 14. exf6 Bxf6 15. Rd2 a5 16. bxa5 Nxa5 17. Kf1 Qb3 {1-0 (36) Piorun,K (2633)-Jarmula,L (2499) Katowice 2018}) 10... a6 11. h3 $146 ({Predecessor:} 11. Na4 Qa7 12. Rb1 Rg4 13. Nc5 b6 14. Nb3 Bd7 15. h3 Rg7 16. g3 a5 17. b5 Ne7 {1-0 (52) Milliet,S (2389)-Haussernot,C (2198) Nimes 2018}) 11... Qa7 12. Rc1 {White is better.} Bd7 13. Na4 b6 14. Nb2 (14. g3 $16) 14... b5 $11 15. g4 Qb6 16. Qd3 $1 Rg7 17. Be2 Rb8 {[#]} (17... Be7 $11 {remains equal.}) 18. Rc5 (18. Qe3 $1 $16) 18... Bxc5 19. dxc5 Qd8 20. Qe3 a5 (20... Rg6 $1 $11 {keeps the balance.}) 21. Nd3 ({White should play} 21. Qxh6 $16 Rg8 22. Qxh7) 21... Rg6 22. Nd4 axb4 23. axb4 Qg5 24. f4 Qh4+ 25. Kd2 Nxd4 26. Qxd4 Ra8 27. Ra1 Qd8 $1 28. Nc1 Rxa1 (28... h5 $14) 29. Qxa1 $16 Bc6 (29... Qb8 $16) 30. Nb3 $18 Qa8 $2 {[#]} (30... d4 31. Nxd4 (31. Qxd4 Rg8 $14) 31... Kf8) 31. Bxb5 $1 {[%mdl 512] Threatening mate with Qxa8+.} Qb7 (31... Bxb5 32. Qxa8+) 32. Bxc6+ Qxc6 {[%mdl 4096] Endgame KQR-KQN} 33. Nd4 Qc7 34. Qa3 f5 35. Nb5 Qb8 36. Nd6+ Ke7 37. b5 fxg4 38. c6 Qf8 39. Qa7+ {Accuracy: White = 64%, Black = 33%.} 1-0

[Event "Mentese WGM 2019"]
[Site "Mentese"]
[Date "2019.06.26"]
[Round "5.2"]
[White "Zubova, Mariya"]
[Black "Atalik, Ekaterina"]
[Result "0-1"]
[WhiteElo "2164"]
[BlackElo "2452"]
[Annotator "TA"]
[PlyCount "84"]
[EventDate "2019.06.24"]
[EventType "schev"]
[EventCountry "TUR"]
[SourceTitle "playchess.com"]
[Source "ChessBase"]
[SourceQuality "1"]

{[%evp 9,84,39,31,31,52,29,42,19,29,6,53,0,6,7,8,21,21,-26,1,0,10,7,19,19,5,4,63,26,36,23,20,-5,-9,-8,-8,-9,-8,-2,-11,-102,-90,-125,-122,-137,-133,-485,-488,-498,-486,-363,-306,-298,-296,-301,-297,-302,-302,-465,-451,-930,-654,-654,-647,-639,-632,-620,-570,-29976,-29977,-29977,-29978,-29978,-29979,-29979,-29980,-29978,-6191]} 1. e4 e5 2. Nf3 Nc6 3. Bb5 a6 4. Ba4 Nge7 5. c3 g6 6. d4 {C70: Ruy Lopez: 3...a6 4 Ba4, Norwegian and Delayed Schliemann} exd4 7. cxd4 b5 8. Bb3 {White is slightly better.} Bg7 9. Nc3 d6 10. h3 O-O 11. O-O Na5 {[%cal Bc6a5,Ba5c4,Bc4a3][%mdl 32]} 12. Bc2 c5 13. Bf4 (13. dxc5 dxc5 14. Qxd8 Rxd8 {0-1 (65) Vachier Lagrave,M (2789)-Mamedyarov,S (2808) Leuven 2018}) 13... Nc4 14. b3 Na3 15. Bd3 {[#]} b4 $146 ({Predecessor:} 15... Nc6 16. Ne2 {½-½ (34) Smith,B (2481)-Banusz,T (2555) Forni di Sopra 2011}) 16. Ne2 Bb7 17. Rc1 Rc8 (17... d5 $1 $11 18. e5 (18. Rxc5 $2 dxe4 19. Bc7 Qe8 $19) 18... c4) 18. Qd2 d5 $1 {[%cal Rd5e4]} 19. Ng3 ({Wrong is} 19. Rxc5 $2 dxe4 20. Rxc8 Nxc8 $19) 19... Nb5 20. Bxb5 {Strongly threatening Bd3.} dxe4 21. Nxe4 Bxe4 22. Bxa6 Ra8 23. Be2 cxd4 {White must now prevent ...d3.} 24. Qxb4 (24. Ng5 $11 Bf5 25. g4) 24... Rxa2 $17 25. Bc4 Bxf3 26. gxf3 {[#]} Nf5 $1 $36 {[%mdl 2048] aiming for ...Qh4. Black is on the roll.} 27. Bd3 $2 {[%mdl 8192]} (27. Ra1 $17 {was the crucial defense.} Rxa1 28. Rxa1) 27... Qh4 $1 $19 {[%csl LRf4,LRh3][%mdl 64] Double Attack} 28. Bd6 Qg5+ 29. Kh1 Nxd6 30. Qxd6 {[#]} Rxf2 $1 {[%mdl 576] Deflection} 31. Rxf2 {Re1 is the strong threat.} Qxc1+ 32. Rf1 Qe3 33. Bc4 (33. Be4 {is the only way for White.}) 33... Be5 34. Qa6 (34. Qd5 $142 Qf4 35. Rf2) 34... Qf4 {[%csl Ge5][%cal Rf4h2]} 35. Qa2 {[#]} d3 $1 {[%mdl 512] ( -> ...d2)} 36. Qg2 (36. Bxd3 Rd8) 36... d2 37. Rd1 Bc3 {And now ...Re8 would win.} 38. Bd5 Re8 {Black mates.} 39. Be4 f5 40. Qe2 fxe4 41. Qc4+ Qf7 42. Qxc3 e3 {Accuracy: White = 40%, Black = 77%.} 0-1

[Event "Mentese WGM 2019"]
[Site "Mentese"]
[Date "2019.06.26"]
[Round "5.3"]
[White "Novikova, Margarita"]
[Black "Doluhanova, Evgeniya"]
[Result "0-1"]
[WhiteElo "2020"]
[BlackElo "2319"]
[Annotator "TA"]
[PlyCount "158"]
[EventDate "2019.06.24"]
[EventType "schev"]
[EventCountry "TUR"]
[SourceTitle "playchess.com"]
[Source "ChessBase"]
[SourceQuality "1"]

{[%evp 12,158,8,0,59,22,13,14,50,56,50,25,40,38,60,20,29,24,25,16,17,20,40,0,0,0,14,-10,111,9,8,0,0,0,8,14,25,-5,-8,-16,-15,-18,-20,-37,-10,-31,-11,-54,-55,-86,0,-88,-33,-70,-26,-94,-94,-136,-145,-148,-93,-93,-93,-110,-111,-185,-114,-176,-90,-106,-64,-106,-106,-106,-62,-106,-7,-8,0,0,0,-125,-125,-125,-125,-125,-125,-125,-27,-27,-27,-27,-27,-27,-27,-27,0,0,0,-16,-16,-17,-16,-16,-16,-15,0,0,0,0,0,0,0,0,0,0,0,0,0,0,0,0,0,0,0,-37,-37,-37,-37,-37,-37,-29976,-29977,-29977,-29978,-29978,-29979,-29979,-29974,-29973,-29975,-29979,-29980,-29980,-29980,-29981,-29981,-29980,-29981]} 1. d4 Nf6 2. Nf3 b6 3. Bf4 Bb7 4. e3 e6 5. Nbd2 c5 6. c3 Be7 7. h3 Ne4 {A47: 1 d4 Nf6 2 Nf3 b6: Torre, London and Colle Systems} (7... O-O $11) (7... O-O 8. Bd3 d6 9. O-O Nc6 10. Bh2 Re8 11. a3 Bf8 12. Qe2 g6 13. Rfd1 a6 14. e4 d5 15. e5 Nd7 16. Bf4 b5 17. Qe3 Rc8 {0-1 (48) Grachev,B (2645)-Fedoseev,V (2733) Sochi 2017}) 8. Bd3 Nxd2 9. Nxd2 cxd4 $146 {The position is equal.} ({Predecessor:} 9... d6 10. O-O Nd7 11. Bg3 O-O 12. f4 g6 13. e4 cxd4 14. cxd4 {½-½ (68) Mozny,M (2366)-Petr,J (2194) Czechia 2006}) 10. exd4 O-O 11. Nf3 d6 12. Qc2 h6 13. Qe2 Nd7 14. O-O Re8 15. Rad1 Qc7 16. Rfe1 Bf6 17. Be4 Bxe4 18. Qxe4 Rac8 19. Bg3 d5 {[#]} (19... b5 $11) 20. Qg4 ({White has to play} 20. Qxd5 $1 $16 {[%mdl 512]} Qxg3 (20... exd5 21. Rxe8+) 21. Qxd7) 20... Qd8 21. Ne5 (21. Bf4 {feels hotter.} Kh7 22. Ra1 Nf8 23. g3 Ng6 24. Kg2) 21... Bxe5 22. Bxe5 Nxe5 23. Rxe5 b5 24. a3 a5 25. Rde1 b4 26. axb4 axb4 27. R1e3 bxc3 28. bxc3 Kh7 29. f4 (29. h4 {seems wilder.} Qa5 30. Qf3 Qc7 31. g4 Ra8 32. g5) 29... g6 30. h4 Qf6 (30... h5 $17 31. Qg3 Rb8) 31. g3 (31. h5 $11) 31... Ra8 (31... h5 $17 32. Qe2 Rg8) 32. Qd1 Reb8 33. Re2 (33. h5 $1 $11 {keeps the balance.}) 33... Ra3 $17 34. Qd3 Rbb3 35. Rc2 Kg7 ({Black should try} 35... Rb1+ 36. Kh2 Raa1) 36. Re1 Qf5 37. Qxf5 gxf5 {[%mdl 4096] Endgame KRR-KRR} 38. Re3 {[#]} (38. Rec1 $17 {keeps fighting.}) 38... Kf6 ({Better is} 38... Kg6 $1 $19 39. Kg2 Kh5) 39. Kf2 {[#]} (39. h5 $17 {was necessary.}) 39... Ke7 (39... Kg6 $1 $19 40. Kf3 Kh5) 40. Ke2 Kd6 41. Kd3 Rb1 42. Ree2 h5 43. Rg2 f6 (43... Raa1 $17 44. Ke3 Re1+ 45. Rge2 Rg1) 44. Rb2 $11 Rf1 45. Rb6+ Kd7 46. Re2 (46. Rb7+ $11 Kc8 47. Rgb2) 46... Rf3+ $17 {[%mdl 64] Double Attack} 47. Kd2 Ra2+ ({But not} 47... Rfxc3 $6 48. Rbxe6 Rd3+ 49. Kc2 $11) ({Of course not} 47... Raxc3 $6 48. Rexe6 Rfd3+ 49. Ke1 $11) 48. Ke1 Rxe2+ 49. Kxe2 Rxc3 {KR-KR} (49... Rxg3 $17 50. Rb7+ Ke8 51. Rb8+ Kf7 52. Rb7+ Kg6) 50. Rb7+ Rc7 51. Rb8 Rc2+ 52. Ke3 Rc3+ 53. Kf2 Rd3 54. Rb7+ $1 Kc6 55. Rh7 Rxd4 56. Rxh5 Rd2+ 57. Ke3 Rg2 58. Kf3 Rh2 59. Rh6 d4 {...d3 is the strong threat.} 60. Rxf6 Kd5 61. Rf8 Kc4 62. Rc8+ Kd3 63. Ra8 Rh1 64. Kg2 Rc1 65. h5 Ke3 {And now ...d3 would win.} 66. Re8 Rc2+ 67. Kh3 d3 68. h6 d2 69. Rxe6+ Kf3 70. Rd6 {[#] Strongly threatening h7.} Rc6 $1 {[%mdl 512]} 71. Rd3+ $2 {[%mdl 8192] [#]} (71. Rxc6 $15 d1=Q 72. Kh4) 71... Ke2 $1 {[%mdl 512] Black mates.} 72. Rxd2+ Kxd2 73. Kh4 Rxh6+ {KR-KPP} 74. Kg5 Rh8 75. Kxf5 Ke3 76. Ke5 Kf3 77. f5 Kg4 78. Ke6 Rf8 79. f6 Kg5 {Accuracy: White = 40%, Black = 47%.} 0-1

[Event "Mentese WGM 2019"]
[Site "Mentese"]
[Date "2019.06.26"]
[Round "5.4"]
[White "Anacoglu, Cisel"]
[Black "Khomeriki, Nino"]
[Result "0-1"]
[WhiteElo "1973"]
[BlackElo "2313"]
[Annotator "TA"]
[PlyCount "68"]
[EventDate "2019.06.24"]
[EventType "schev"]
[EventCountry "TUR"]
[SourceTitle "playchess.com"]
[Source "ChessBase"]
[SourceQuality "1"]

{[%evp 21,68,16,55,28,16,-8,-21,-24,-15,-178,-179,-168,-166,-153,-94,-86,-78,-147,-143,-163,-148,-160,-124,-150,-148,-160,-145,-284,-183,-234,-174,-212,-185,-211,-170,-247,-170,-192,-202,-342,-334,-340,-221,-260,-100,-510,-504,-498,-497]} 1. e4 e5 2. Nf3 Nc6 3. Bb5 a6 4. Ba4 Nf6 5. O-O Be7 6. Re1 b5 7. Bb3 d6 8. c3 O-O 9. h3 Bb7 10. d4 Re8 11. a4 Bf8 12. axb5 {C92: Closed Ruy Lopez: 9...Be6, Karpov and Flohr-Zaitsev Variations} (12. d5 {keeps more tension.} Na5 13. Bg5 Be7 14. Ba2 c5 15. b4) (12. Bg5 h6 13. Bxf6 Qxf6 14. Bd5 Rab8 15. Na3 exd4 16. axb5 axb5 17. cxd4 Nb4 18. Bxb7 Rxb7 19. d5 Na6 {1-0 (80) Sutovsky,E (2647)-Kovalev,V (2650) Poikovsky 2018}) 12... axb5 13. Rxa8 (13. Ng5 $5 {[%cal Rg5f7]} Rxa1 14. Nxf7 $11) 13... Qxa8 14. d5 {The position is equal.} Na5 15. Na3 $146 (15. Bc2 $11 {and White stays safe.}) ({Predecessor:} 15. Bc2 c6 16. Bg5 Nd7 17. dxc6 Bxc6 18. Na3 Nc4 19. Nxc4 bxc4 {½-½ (41) Prandstetter,E (2410)-Dolezal,M (2275) Prague 1992}) 15... Nxb3 $19 16. Qxb3 {[#]} Nxe4 $1 {[%mdl 512]} 17. Nxb5 (17. Rxe4 Bxd5) 17... Nc5 (17... Bxd5 $142 18. c4 Bc6 19. Nxc7 Rb8) 18. Qd1 Qa2 19. Nxc7 (19. Be3 $142) 19... Rc8 $36 {[%mdl 2048] Keeping White busy.} 20. Nb5 Bxd5 21. Na3 Bb7 22. Qc2 f6 23. Qf5 Qf7 24. c4 (24. Qc2 $17) 24... Rb8 25. Qc2 (25. b4 $142 Bc8 26. Qb1) 25... Qh5 26. Nh2 {[#]} Be4 $1 {[%mdl 512]} 27. Qd1 (27. Rxe4 Nxe4) 27... Qf7 28. f3 (28. Ng4 $142) 28... Bf5 29. Ng4 Nd3 30. Re2 (30. Ne3 {was worth a try.} Bg6 31. Rf1) 30... d5 $19 31. Ne3 Bc5 {White must now prevent ...e4.} 32. cxd5 Qa7 $2 (32... e4 $19 {and Black stays clearly on top. Threatens to win with ...exf3.} 33. Rc2 Qa7 34. Rxc5 Qxc5) 33. Kh1 $2 {[%mdl 8192] [#]} (33. Kh2 $17 Bg6 34. Nac4) 33... Bxe3 $1 34. Bxe3 {[#]} Qxe3 $1 {[%mdl 576] Remove Defender. Accuracy: White = 22%, Black = 42%.} 0-1

[Event "Mentese WGM 2019"]
[Site "Mentese"]
[Date "2019.06.26"]
[Round "5.5"]
[White "Aydin, Gulenay"]
[Black "Dimitrijevic, Aleksandra"]
[Result "1/2-1/2"]
[WhiteElo "1967"]
[BlackElo "2190"]
[Annotator "TA"]
[PlyCount "81"]
[EventDate "2019.06.24"]
[EventType "schev"]
[EventCountry "TUR"]
[SourceTitle "playchess.com"]
[Source "ChessBase"]
[SourceQuality "1"]

{[%evp 11,81,33,54,25,52,52,62,52,59,-2,59,-9,72,55,52,48,65,38,34,38,32,27,51,45,62,69,64,45,44,47,58,39,45,26,48,35,45,33,39,33,52,50,70,70,70,70,70,71,117,109,159,64,143,0,0,0,0,0,0,0,23,0,0,0,0,0,0,-10,8,0,0,-149]} 1. e4 d5 2. exd5 Qxd5 3. Nc3 Qd6 4. d4 Nf6 5. Nf3 a6 6. g3 Bg4 7. Bg2 {B01: Scandinavian Defence} (7. h3 {is interesting.} Bh5 8. Bf4 Qb6 9. Bg2 e6 10. O-O) 7... e6 (7... c6 8. O-O e6 9. Bf4 Qd8 10. h3 Bxf3 11. Qxf3 Bd6 12. Be5 Be7 13. g4 Nbd7 14. Bg3 O-O {½-½ (65) Pourramezanali,A (2529)-Tiviakov,S (2610) Bandar e Anzali 2019}) 8. h3 Bxf3 $1 9. Qxf3 {White is slightly better.} c6 10. O-O (10. Ne2 $14) 10... Be7 (10... Qxd4 $11 11. Rd1 Qb6) 11. Bf4 (11. Ne2 $14) 11... Qd8 (11... Qxd4 $11 12. Rad1 Qb6) 12. Rad1 Nbd7 13. Rfe1 O-O 14. Ne4 $146 ({Predecessor:} 14. Bc1 Qa5 {½-½ (49) Adhiban,B (2421)-Saurabh,K (2259) Mumbai 2008}) 14... Nxe4 15. Qxe4 Nf6 16. Qe2 Qa5 17. a3 Qb6 18. c4 Rfe8 19. Rd3 h6 20. Red1 Rad8 21. Qc2 Rd7 22. Be3 Qd8 23. Qb3 Qc8 24. Qc3 Red8 25. b4 Bf8 26. Qb3 g6 27. a4 Bg7 28. b5 axb5 29. axb5 cxb5 30. Qxb5 Rc7 31. Rb1 (31. d5 $16) 31... b6 (31... e5 $1 $14) 32. Rc3 ({Much weaker is} 32. Qxb6 $6 Rxc4 33. Bb7 Qc7 $11) (32. Rb4 $16) 32... Nd5 $1 $11 {[%cal Rd5c3]} 33. Bxd5 exd5 34. c5 bxc5 35. Rxc5 Qd7 36. Qb6 Rcc8 {The position is equal.} 37. Kh2 Qf5 38. Rbc1 Rb8 39. Qa5 Rd7 40. Qa2 Kh7 41. f3 {Accuracy: White = 30%, Black = 43%.} (41. Qc2 $11 {remains equal.}) 1/2-1/2